| 000 | 00477nam a2200193Ia 4500 | ||
|---|---|---|---|
| 008 | 170705s9999 xx 000 0 und d | ||
| 020 | _a9780756612474 | ||
| 245 | _aAlbert Einstein : | ||
| 245 | _ba photographic story of a life / | ||
| 245 | _cFrieda Wishinsky. | ||
| 260 | _aNew York : | ||
| 260 | _bDK Publishing, Inc., | ||
| 260 | _c2005 | ||
| 300 | _a128 pages : | ||
| 300 | _bcolor illustration ; | ||
| 300 | _c20cm. | ||
| 440 | _aBiography. | ||
| 500 | _a1040 | ||
| 999 |
_c336700 _d336700 |
||